Carta con fecha 19 de mayo 1926 al Sr. Lic. D. Rafael Ceniceros y Villarreal, presidente de la Liga Nacional Defensora de la Libertad Religiosa

Síntesis: Carta que el obispo de Zamora, Manuel Fulcheri, envía al presidente de la Liga para hacer la propuesta de que La Liga organice un congreso Nacional de la Ación Católica Mexicana, para demostrar la fuerza de las organizaciones católicas

Gespeichert in:
Bibliographische Detailangaben
1. Verfasser: Fulcheri y Pietrasanta, Manuel (autor)
Format: Buch
Schriftenreihe:1926/mayo/19
Schlagworte:
Tags: Tag hinzufügen
Keine Tags, Fügen Sie das erste Tag hinzu!

MARC

LEADER 00000nam^a2200000^a^4500
001 000249858
005 20250526000000.0
009 20260310105748.104
035 |a R00731 
037 |a Acervo Xavier Clavigero 
082 |a 21. 1  |b FUL V. LIBRO 3 2/77 
100 |a Fulcheri y Pietrasanta, Manuel  |e (autor) 
245 1 0 |a Carta con fecha 19 de mayo 1926 al Sr. Lic. D. Rafael Ceniceros y Villarreal, presidente de la Liga Nacional Defensora de la Libertad Religiosa 
264 |a Zamora, México :  |b Destinatario: Ceniceros y Villarreal, Rafael, presidente de la LNDLR,  |c 1926 
300 |a 1 foja, mcs/cop. 21.5 X 28 cms. 
336 |a texto  |b txt  |2 rdacontenido 
337 |a sin mediación  |b n  |2 rdamedio 
338 |a volumen  |b nc  |2 rdasoporte 
440 |a 1926/mayo/19 
520 |a Síntesis: Carta que el obispo de Zamora, Manuel Fulcheri, envía al presidente de la Liga para hacer la propuesta de que La Liga organice un congreso Nacional de la Ación Católica Mexicana, para demostrar la fuerza de las organizaciones católicas 
598 |a Carta 
598 |a En la biblioteca del ILFC, Guadalajara, Jal. 
649 |a XX 
650 |a Guerra Cristera 
650 |a Presión Social 
650 |a * Liga Nacional Defensora de la Libertad Religiosa 
650 |a Grupos Sociales 
650 |a Ceniceros y Villarreal, Rafael 
910 |a Fondo Jesús Gómez Fregoso S.J. FXC 
920 |a Impresos - Documentos 
930 |a Libros Antiguos y Raros 
940 |a Guerra Cristera 
905 |a 110 
901 |a R00731  |b IT2  |c LRA  |i R00731  |u 20250526 
902 |a https://opac.biblio.iteso.mx/vufind/Record/000249858